[Event "ch-FRA Blitz Online Qual"]
[Site "Europe-Chess INT"]
[Date "2020.05.16"]
[Round "11"]
[White "Ogier, Arnaud"]
[Black "Abiven, Pierre-Louis"]
[Result "1-0"]
[WhiteElo "1569"]
[BlackElo "1200"]
[WhiteFideId "45196494"]
[BlackFideId "45168016"]
[EventDate "2020.05.16"]

1. e4 e5 2. Nf3 Nc6 3. d4 exd4 4. Bc4 h6 5. O-O Bc5 6. c3 dxc3 7. Bxf7+ Kxf7 8.
Qd5+ Ke8 9. Qxc5 Qe7 10. Qxc3 d6 11. e5 Kf8 12. Bf4 Bg4 13. exd6 cxd6 14. Nbd2
Qf6 15. Qb3 Be6 16. Bxd6+ Kf7 17. Qxb7+ Nce7 18. Ne5+ Qxe5 19. Bxe5 Rf8 20. Ne4
Nf6 21. Nd6+ Kg6 22. Qxe7 Ng4 23. Qxe6+ Nf6 24. Qf5# 1-0

[Event "ch-FRA Blitz Online Qual"]
[Site "Europe-Chess INT"]
[Date "2020.05.16"]
[Round "11"]
[White "Lesage, Margot"]
[Black "Paralieu, Emma"]
[Result "0-1"]
[WhiteElo "1598"]
[BlackElo "1312"]
[WhiteFideId "45137013"]
[BlackFideId "45154163"]
[EventDate "2020.05.16"]

1. e4 e5 2. Nf3 Nc6 3. d4 exd4 4. Bc4 Bc5 5. c3 d6 6. cxd4 Bb4+ 7. Bd2 Bxd2+ 8.
Qxd2 Nf6 9. Nc3 Bd7 10. O-O O-O 11. Rfe1 Re8 12. Rad1 Bg4 13. Qd3 a6 14. h3 Bh5
15. Bd5 Nb4 16. Qd2 Nbxd5 17. Nxd5 Nxd5 18. exd5 Bxf3 19. gxf3 Qd7 20. Kg2 Qf5
21. Rg1 Qxd5 22. b3 Re6 23. Kh2 Qxf3 24. Rg3 Qe2 25. Qxe2 Rxe2 26. Rf1 Rxa2 27.
Kg2 Re8 0-1

[Event "ch-FRA Blitz Online Qual"]
[Site "Europe-Chess INT"]
[Date "2020.05.16"]
[Round "11"]
[White "Naillou, Jean-Marc"]
[Black "Hsu, Victor"]
[Result "0-1"]
[WhiteElo "1449"]
[BlackElo "1476"]
[WhiteFideId "36047724"]
[BlackFideId "551034107"]
[EventDate "2020.05.16"]

1. e4 e6 2. d4 d5 3. Nd2 Nf6 4. e5 Nfd7 5. Ngf3 c5 6. c3 Nc6 7. Be2 Qb6 8. Qb3
cxd4 9. Qxb6 Nxb6 10. cxd4 Bd7 11. Nb3 Rc8 12. O-O Be7 13. Bg5 O-O 14. Be3 f6
15. Rac1 fxe5 16. Nxe5 Nxe5 17. dxe5 Ba4 18. Na5 Bc6 19. Nxc6 bxc6 20. Ba6 Rc7
21. Rc2 Rb8 22. Rfc1 Na4 23. Rxc6 Rxc6 24. Rxc6 Rxb2 25. Rc8+ Kf7 26. g3 Rxa2
27. Bf1 Nb2 28. Rc7 Kf8 29. Rxa7 Rxa7 30. Bxa7 Nc4 31. f4 Kf7 32. Bxc4 dxc4 33.
Kf2 Bb4 34. Ke2 c3 35. Kd1 h6 36. Kc2 g5 37. Bd4 gxf4 38. gxf4 Kg6 39. Bxc3 Bxc3
40. Kxc3 Kf5 41. Kd3 Kxf4 42. Kd4 h5 43. h3 h4 0-1

[Event "ch-FRA Blitz Online Qual"]
[Site "Europe-Chess INT"]
[Date "2020.05.16"]
[Round "11"]
[White "Droulout, Paul"]
[Black "Drieu, Hugo"]
[Result "1-0"]
[WhiteElo "1176"]
[BlackElo "1425"]
[WhiteFideId "45109770"]
[BlackFideId "45170738"]
[EventDate "2020.05.16"]

1. e4 e5 2. Nf3 Nc6 3. Bc4 Bc5 4. c3 Nf6 5. d4 exd4 6. e5 d5 7. Bb5 Ne4 8. cxd4
Bb4+ 9. Bd2 Nxd2 10. Nbxd2 O-O 11. O-O Bd7 12. Be2 f6 13. Nb3 fxe5 14. dxe5 Bg4
15. h3 Bxf3 16. Bxf3 Nxe5 17. Qxd5+ Qxd5 18. Bxd5+ Kh8 19. Bxb7 Rab8 20. Be4 Nc4
21. Rac1 Nd6 22. Bf3 Rfc8 23. Rfd1 Nf7 24. Bg4 1-0

[Event "ch-FRA Blitz Online Qual"]
[Site "Europe-Chess INT"]
[Date "2020.05.16"]
[Round "11"]
[White "Fronius, Lino"]
[Black "Ghazaryan, Gor"]
[Result "1-0"]
[WhiteElo "1313"]
[BlackElo "1431"]
[WhiteFideId "36050083"]
[BlackFideId "45137595"]
[EventDate "2020.05.16"]

1. e4 e5 2. Nf3 Nc6 3. Bc4 Bc5 4. c3 Nf6 5. d4 exd4 6. cxd4 Bb4+ 7. Bd2 Bxd2+ 8.
Nbxd2 d6 9. O-O O-O 10. a3 Bg4 11. Qc2 Re8 12. Rfe1 Qd7 13. d5 Na5 14. Bd3 b6
15. b4 Nb7 16. Ba6 Rab8 17. Rac1 Bxf3 18. Nxf3 Rec8 19. Qd3 Re8 20. Rc6 Nd8 21.
Rc3 b5 22. Bxb5 Qxb5 23. Qxb5 Rxb5 24. Rxc7 Rb7 25. Rc3 Rxe4 26. Rxe4 Nxe4 27.
Rc8 Rd7 28. Nd4 h6 29. Nc6 Re7 30. Nxe7+ Kf8 31. Nc6 Ke8 32. Rxd8# 1-0

[Event "ch-FRA Blitz Online Qual"]
[Site "Europe-Chess INT"]
[Date "2020.05.16"]
[Round "11"]
[White "Gusev, Mickael"]
[Black "Giblin, Martin"]
[Result "0-1"]
[WhiteElo "1032"]
[BlackElo "1428"]
[WhiteFideId "551081997"]
[BlackFideId "45187053"]
[EventDate "2020.05.16"]

1. e4 c5 2. Nf3 e6 3. Bc4 a6 4. Nc3 b5 5. Be2 Nc6 6. a3 Qc7 7. d3 Nf6 8. O-O Be7
9. Be3 O-O 10. Qd2 d5 11. exd5 exd5 12. Bf4 Bd6 13. Bxd6 Qxd6 14. Rfe1 Bb7 15.
Rad1 Rfe8 16. h3 d4 17. Na2 Ne5 18. Qf4 Nxf3+ 19. Qxf3 Bxf3 20. Bxf3 Rxe1+ 21.
Rxe1 Re8 22. Rf1 c4 23. dxc4 bxc4 24. Rd1 d3 25. cxd3 cxd3 26. Nc1 d2 27. Nb3
Rd8 28. Nxd2 Qf4 29. Nb3 Rxd1+ 30. Bxd1 Ne4 0-1

[Event "ch-FRA Blitz Online Qual"]
[Site "Europe-Chess INT"]
[Date "2020.05.16"]
[Round "11"]
[White "Cocogne, Ludovic"]
[Black "Zanin, Sylvie"]
[Result "1-0"]
[WhiteElo "1924"]
[BlackElo "1001"]
[WhiteFideId "644536"]
[BlackFideId "45115532"]
[EventDate "2020.05.16"]

1. e4 e5 2. Bc4 Nc6 3. Nf3 d6 4. c3 Nf6 5. d3 Be6 6. Bb5 g6 7. O-O h5 8. d4 Bh6
9. d5 Bxc1 10. Qxc1 Qd7 11. dxc6 bxc6 12. Ba4 Nxe4 13. Qe3 Nc5 14. Bb3 f6 15.
Bxe6 Qxe6 16. Rd1 Rb8 17. b4 e4 18. Nd4 Qg4 19. Nd2 Nd3 20. Nxe4 O-O 21. Qxd3 d5
22. Ng3 Rfe8 23. h3 Qd7 24. Qxg6+ Qg7 25. Qxg7+ Kxg7 26. Nxh5+ Kg6 27. Nf4+ Kg5
28. Nfe6+ Kh6 29. Nxc7 Rg8 30. Nf5+ Kh5 31. Rd4 Kg5 32. Ng3 f5 33. Ne6+ Kg6 34.
Re1 Rbe8 35. Nf4+ Kh7 36. Rxe8 Rxe8 37. Nxf5 Re1+ 38. Kh2 Rf1 39. f3 Rf2 40. Ne6
Rxa2 41. Rh4+ Kg6 42. Ng3 Ra3 43. Nf4+ Kf6 44. Rh6+ Ke5 45. Nd3# 1-0

[Event "ch-FRA Blitz Online Qual"]
[Site "Europe-Chess INT"]
[Date "2020.05.16"]
[Round "11"]
[White "Viennois, Romain"]
[Black "Meyssirel, Tom"]
[Result "1-0"]
[WhiteElo "1981"]
[BlackElo "1333"]
[WhiteFideId "634204"]
[BlackFideId "45197245"]
[EventDate "2020.05.16"]

1. d4 Nf6 2. Bg5 e6 3. e4 h6 4. Bxf6 Qxf6 5. e5 Qd8 6. Nf3 Be7 7. c4 O-O 8. Nc3
d6 9. Be2 dxe5 10. Nxe5 b6 11. Bf3 c6 12. Nxc6 Nxc6 13. Bxc6 Rb8 14. O-O Qc7 15.
d5 Bd6 16. h3 Bb7 17. Bxb7 Rxb7 18. Nb5 Qb8 19. dxe6 Bh2+ 20. Kh1 fxe6 21. g3
Bxg3 22. fxg3 Qxg3 23. Rxf8+ Kxf8 24. Qd6+ Kg8 25. Qxg3 1-0

[Event "ch-FRA Blitz Online Qual"]
[Site "Europe-Chess INT"]
[Date "2020.05.16"]
[Round "11"]
[White "Leccia, Thomas"]
[Black "Gheorghin, Felix"]
[Result "1-0"]
[WhiteElo "1893"]
[BlackElo "1310"]
[WhiteFideId "36087270"]
[BlackFideId "651027240"]
[EventDate "2020.05.16"]

1. e4 c5 2. Nf3 d6 3. d4 cxd4 4. Qxd4 Nf6 5. Be2 Nc6 6. Qe3 e6 7. c4 Be7 8. O-O
O-O 9. Rd1 Qc7 10. Nc3 Bd7 11. b3 Rfd8 12. Bb2 Bc8 13. Rac1 b6 14. Nd5 exd5 15.
cxd5 Bb7 16. dxc6 Bxc6 17. Nd4 Rac8 18. Nxc6 Rd7 19. Nxe7+ Rxe7 20. Rxc7 Rcxc7
21. Bxf6 gxf6 22. Qg3+ Kh8 23. Qxd6 Rcd7 24. Qxf6+ Kg8 25. Rxd7 Rxd7 26. Qg5+
Kf8 27. g3 Re7 28. e5 Ke8 29. Bb5+ Kf8 30. f4 a6 31. Bxa6 Ra7 32. Bb5 Rxa2 33.
Qh6+ Ke7 34. Qd6# 1-0

[Event "ch-FRA Blitz Online Qual"]
[Site "Europe-Chess INT"]
[Date "2020.05.16"]
[Round "11"]
[White "Colette, Thierry"]
[Black "Vernadet, Jacques"]
[Result "0-1"]
[WhiteElo "1411"]
[BlackElo "1600"]
[WhiteFideId "36056758"]
[BlackFideId "665169"]
[EventDate "2020.05.16"]

1. e4 c5 2. Nc3 Nc6 3. g3 e6 4. Bg2 Nf6 5. d3 g6 6. f4 d6 7. Nf3 Bg7 8. O-O O-O
9. f5 exf5 10. exf5 Bxf5 11. Nh4 Bd7 12. Bg5 h6 13. Bd2 Be6 14. Qc1 Kh7 15. Ne2
Nd5 16. Nc3 Nc7 17. Ne2 f5 18. Bc3 Bxc3 19. Nxc3 a6 20. Qd2 Nd4 21. Ne2 Qf6 22.
Bxb7 Rab8 23. Bg2 Rxb2 24. Rfb1 Rxc2 25. Qe3 Rxe2 26. Qf3 Nxf3+ 0-1

[Event "ch-FRA Blitz Online Qual"]
[Site "Europe-Chess INT"]
[Date "2020.05.16"]
[Round "11"]
[White "Ninin, Gabriel"]
[Black "Varin, Timeo"]
[Result "1/2-1/2"]
[WhiteElo "1426"]
[BlackElo "1287"]
[WhiteFideId "45169756"]
[BlackFideId "45117527"]
[EventDate "2020.05.16"]

1. e4 e5 2. Nf3 Nc6 3. Bb5 a6 4. Ba4 Nf6 5. O-O Nxe4 6. Re1 Nc5 7. Bxc6 dxc6 8.
Rxe5+ Be7 9. d4 Ne6 10. Nc3 Bf6 11. Re1 O-O 12. Ne2 Re8 13. c3 Nf8 14. Ng3 Ng6
15. Bd2 Bg4 16. Rxe8+ Qxe8 17. h3 Bd7 18. Qe1 Qxe1+ 19. Rxe1 Re8 20. Rxe8+ Bxe8
21. Ne4 Bd8 22. Nc5 b6 23. Nxa6 Bd7 24. Bg5 f6 25. Bh4 Bf5 26. Bg3 Bb1 27. a3
Bd3 28. Nxc7 Bc4 29. Nd2 Bf7 30. Na6 Ne7 31. Nb4 Nd5 32. Nxd5 Bxd5 33. Kf1 Kf7
34. f3 Kg6 35. Ke2 Kf5 36. b3 b5 37. c4 bxc4 38. bxc4 Be6 39. Kd3 Ba5 40. Nb3
Bb6 41. c5 Bd8 42. a4 Bxb3 43. a5 Bxa5 44. Bb8 g5 45. Ke3 h5 46. g3 Bc4 47. g4+
hxg4 48. hxg4+ Kg6 49. Bd6 Bd5 50. Be7 Bc3 51. Bd8 Bb2 52. Bb6 Bc1+ 53. Ke2 f5
54. gxf5+ Kxf5 55. Bc7 Bb2 56. Be5 Bc3 57. Bh8 Bb2 58. Be5 Ba1 59. Bh8 Bb2 60.
Be5 1/2-1/2

[Event "ch-FRA Blitz Online Qual"]
[Site "Europe-Chess INT"]
[Date "2020.05.16"]
[Round "11"]
[White "Charousset, Donovan"]
[Black "Barbaggi, Sasha"]
[Result "0-1"]
[WhiteElo "1204"]
[BlackElo "1375"]
[WhiteFideId "45167699"]
[BlackFideId "551018780"]
[EventDate "2020.05.16"]

1. d4 Nf6 2. c4 d6 3. Nf3 Nbd7 4. Bg5 e5 5. d5 h6 6. Bxf6 Qxf6 7. e3 Be7 8. Nc3
O-O 9. Ne4 Qf5 10. Bd3 Nc5 11. Nxc5 Qg4 12. Ne4 Bf5 13. Ng3 e4 14. h3 Qg6 15.
Nxf5 Qxf5 0-1

[Event "ch-FRA Blitz Online Qual"]
[Site "Europe-Chess INT"]
[Date "2020.05.16"]
[Round "11"]
[White "Fernandez, Maylis"]
[Black "Zanin, Clement"]
[Result "0-1"]
[WhiteElo "1165"]
[BlackElo "1327"]
[WhiteFideId "45148511"]
[BlackFideId "36066869"]
[EventDate "2020.05.16"]

1. e4 e5 2. Nf3 Nc6 3. d4 exd4 4. Nxd4 Bc5 5. Nb3 Bb6 6. Nc3 d6 7. Bb5 a6 8.
Bxc6+ bxc6 9. Bf4 Nf6 10. e5 Ng4 11. O-O O-O 12. exd6 cxd6 13. h3 Nf6 14. Re1 d5
15. a3 Bf5 16. Ne2 Nh5 17. Bh2 Qg5 18. Ng3 Nxg3 19. Bxg3 Qxg3 20. Nd4 Bxd4 21.
Qxd4 Qg6 22. Kh1 Bxc2 23. Rac1 Be4 24. Rg1 Qh5 25. Kh2 Rae8 26. f3 Bf5 27. Rxc6
Bd7 28. Rd6 Bc8 29. Rxd5 f5 30. Qc4 Kh8 31. Rgd1 Be6 32. Qxa6 Bxd5 33. Rxd5 Qg5
34. Qb5 Qf4+ 35. g3 Qxf3 36. Rd1 Re2+ 0-1

[Event "ch-FRA Blitz Online Qual"]
[Site "Europe-Chess INT"]
[Date "2020.05.16"]
[Round "11"]
[White "Pineau, Patrick"]
[Black "Rigaud-Retourne, Mael"]
[Result "0-1"]
[WhiteElo "1349"]
[BlackElo "1103"]
[WhiteFideId "20673329"]
[BlackFideId "45167478"]
[EventDate "2020.05.16"]

1. e4 e5 2. Nf3 Nc6 3. d4 exd4 4. Nxd4 Bc5 5. Nxc6 Qf6 6. Be3 Bxe3 7. fxe3 Qxc6
8. Bd3 Nf6 9. O-O Nxe4 10. Bxe4 Qxe4 11. Qd3 Qg6 12. Qxg6 hxg6 13. Nc3 O-O 14.
Rf3 b6 15. Raf1 Bb7 16. Rh3 Ba6 17. Rf4 f6 18. Rfh4 Kf7 19. Nd5 Rac8 20. b3 c6
21. Nf4 g5 22. Rh7 gxf4 23. exf4 Rfe8 24. Rg3 Re1+ 25. Kf2 Rf1+ 26. Ke3 Re8+ 27.
Kd4 Rxf4+ 28. Kc3 Rg8 29. h4 b5 30. Rd3 b4+ 31. Kd2 Bxd3 32. cxd3 Rf2+ 33. Ke3
Rxa2 34. Rh5 Rxg2 35. Ra5 Re8+ 36. Kd4 Rg4+ 37. Kc5 Re5+ 38. Kd6 Rxa5 39. Kxd7
Rd4+ 0-1

[Event "ch-FRA Blitz Online Qual"]
[Site "Europe-Chess INT"]
[Date "2020.05.16"]
[Round "11"]
[White "Lovichi, Raphael"]
[Black "Manvieu, Paul"]
[Result "1-0"]
[WhiteElo "1406"]
[BlackElo "1018"]
[WhiteFideId "45172935"]
[BlackFideId "651000482"]
[EventDate "2020.05.16"]

1. e4 e6 2. d4 d5 3. Nd2 dxe4 4. Nxe4 Nd7 5. Nf3 Ngf6 6. Bd3 Be7 7. Rg1 b6 8.
Bd2 Bb7 9. Qe2 c5 10. O-O-O Qc7 11. dxc5 Bxc5 12. Nxc5 Nxc5 13. Kb1 O-O-O 14.
Bc3 Na4 15. Bxf6 gxf6 16. Bb5 Nc5 17. Bc4 f5 18. Nd4 Qf4 19. Nb5 a6 20. Nc3 Qxh2
21. b4 Nd7 22. Bxa6 Rhg8 23. Bxb7+ Kxb7 24. Qf3+ Kc8 25. Qa8+ Kc7 26. Nb5# 1-0

[Event "ch-FRA Blitz Online Qual"]
[Site "Europe-Chess INT"]
[Date "2020.05.16"]
[Round "11"]
[White "Gombrowicz, Renaud"]
[Black "Lebrun, Mathieu"]
[Result "0-1"]
[WhiteElo "1343"]
[BlackElo "1177"]
[WhiteFideId "651019760"]
[BlackFideId "36094099"]
[EventDate "2020.05.16"]

1. e4 e5 2. f4 d6 3. Nf3 Nc6 4. d4 exd4 5. Nxd4 Bd7 6. Be3 g6 7. Nc3 Nf6 8. Qd2
Bg7 9. O-O-O Qe7 10. Bd3 a6 11. h3 O-O-O 12. Qe2 Rhe8 13. Bxa6 Kb8 14. Qb5 b6
15. Qd3 Nb4 16. Qc4 c5 17. Ndb5 Be6 18. Qe2 Nxa2+ 19. Nxa2 Bxa2 20. b3 Qxe4 21.
Kb2 Nd5+ 22. Kxa2 Nb4+ 23. Ka3 Nxa6 24. Nxd6 Qb4+ 25. Ka2 Qa5+ 26. Kb1 Qa1# 0-1

[Event "ch-FRA Blitz Online Qual"]
[Site "Europe-Chess INT"]
[Date "2020.05.16"]
[Round "11"]
[White "Lambert Hoareau, Guillaume"]
[Black "Trimbitasu, Elyas"]
[Result "1-0"]
[WhiteElo "1348"]
[BlackElo "1175"]
[WhiteFideId "45172323"]
[BlackFideId "551013410"]
[EventDate "2020.05.16"]

1. e4 e5 2. Nf3 Nc6 3. Bc4 Nf6 4. Ng5 Bc5 5. O-O O-O 6. d3 d5 7. Bxd5 Nxd5 8.
exd5 Qxd5 9. Nc3 Qd6 10. Nge4 Qd8 11. Nxc5 b6 12. N5e4 Bf5 13. Qf3 Nd4 14. Qg3
Bxe4 15. dxe4 b5 16. Qxe5 Re8 17. Qd5 Nxc2 18. Qxd8 Raxd8 19. Rb1 b4 20. Nd5
Rxe4 21. Ne3 Re6 22. Nxc2 Re2 23. Ne3 Rd3 24. g3 b3 25. axb3 Rxb3 26. Rd1 Rb8
27. b3 Re8 28. Ba3 g6 29. Re1 Ra2 30. Nc4 Rxe1+ 31. Rxe1 Kg7 32. Bb2+ Kf8 33.
Bh8 Kg8 34. Re8# 1-0

[Event "ch-FRA Blitz Online Qual"]
[Site "Europe-Chess INT"]
[Date "2020.05.16"]
[Round "11"]
[White "Chen, Zhiyue Dashan"]
[Black "Hegedus, Pascal"]
[Result "1-0"]
[WhiteElo "1119"]
[BlackElo "1283"]
[WhiteFideId "551034930"]
[BlackFideId "20604289"]
[EventDate "2020.05.16"]

1. e4 c5 2. Nf3 Nc6 3. d4 cxd4 4. Nxd4 e6 5. Nc3 d6 6. Bc4 a6 7. a4 Be7 8. Nf3
Nf6 9. Bf4 e5 10. Bg3 O-O 11. O-O Na5 12. Ba2 b5 13. axb5 axb5 14. Qe2 Nc4 15.
Bxc4 Rxa1 16. Rxa1 bxc4 17. Qxc4 Be6 18. Qe2 Qc7 19. Rd1 Nd7 20. Nd5 Bxd5 21.
exd5 f5 22. h3 f4 23. Bh2 Nf6 24. c4 Rb8 25. Rb1 Qc5 26. Ng5 h6 27. Ne6 Qb4 28.
Qd3 e4 29. Qe2 Nd7 30. Bxf4 Bf6 31. Bd2 Qb6 32. Be3 Nc5 33. Nxc5 dxc5 34. b3 Bd4
35. Bxd4 cxd4 36. Qxe4 Qd6 37. Qxd4 Rf8 38. c5 Qg6 39. Re1 Qc2 40. b4 Qb3 41. d6
Qa4 42. d7 Qc6 1-0

[Event "ch-FRA Blitz Online Qual"]
[Site "Europe-Chess INT"]
[Date "2020.05.16"]
[Round "11"]
[White "Hwang, Daniel"]
[Black "Rieger, Lylian"]
[Result "1-0"]
[WhiteElo "1557"]
[BlackElo "1148"]
[WhiteFideId "45136890"]
[BlackFideId "551000105"]
[EventDate "2020.05.16"]

1. e4 e5 2. Bc4 Nc6 3. Nc3 Nf6 4. d3 Bc5 5. f4 d6 6. Nf3 Be6 7. Bb3 Bxb3 8. axb3
Qd7 9. f5 O-O-O 10. Na4 Bb4+ 11. c3 Ba5 12. b4 Bb6 13. Nxb6+ cxb6 14. Qa4 Kb8
15. b5 Ne7 16. Qxa7+ Kc7 17. Be3 Qxb5 18. Qa2 Rhf8 19. c4 Qb4+ 20. Bd2 Qc5 21.
b4 Qc6 22. O-O b5 23. Rfc1 Qb6+ 24. Kh1 Ng4 25. Be1 Kd7 26. c5 dxc5 27. bxc5 Qc6
28. h3 Nf6 29. Nxe5+ 1-0

[Event "ch-FRA Blitz Online Qual"]
[Site "Europe-Chess INT"]
[Date "2020.05.16"]
[Round "11"]
[White "Porchel, Baptiste"]
[Black "Noyelles, Benoit"]
[Result "1-0"]
[WhiteElo "1104"]
[BlackElo "1272"]
[WhiteFideId "45193037"]
[BlackFideId "551061350"]
[EventDate "2020.05.16"]

1. e4 e5 2. Nf3 Nc6 3. Bc4 Bc5 4. d3 Nf6 5. Ng5 O-O 6. Qf3 h6 7. Nh3 d6 8. Be3
Bb4+ 9. c3 Ba5 10. b4 Bb6 11. a4 Bxe3 12. Qxe3 Ng4 13. Qg3 a6 14. f3 Nf6 15. Qh4
Ne7 16. g4 Ng6 17. Qg3 Be6 18. Nd2 Bxc4 19. Nxc4 b5 20. Ne3 c5 21. bxc5 dxc5 22.
Nf2 Nf4 23. Ng2 Nxd3+ 24. Ke2 c4 25. h4 Nxf2 26. Qxf2 Qd3+ 27. Ke1 Qxc3+ 28. Ke2
Rad8 29. Rhd1 Qc2+ 30. Ke1 Qxf2+ 31. Kxf2 Rxd1 32. Rxd1 bxa4 33. Ne3 c3 34. Rc1
a3 35. Rxc3 Rd8 36. Rxa3 Rd2+ 37. Kg3 Nd7 38. Rxa6 Nc5 39. Ra8+ Kh7 40. Nf5 f6
41. Ra7 Kh8 42. Rxg7 Nd3 43. Rg6 Rd1 44. Rxh6+ Kg8 45. Rg6+ Kf7 46. Rg7+ Ke6 47.
Re7# 1-0

[Event "ch-FRA Blitz Online Qual"]
[Site "Europe-Chess INT"]
[Date "2020.05.16"]
[Round "11"]
[White "Courjal, Juliette"]
[Black "Mirguet, Vladislav"]
[Result "1-0"]
[WhiteElo "1388"]
[BlackElo "1073"]
[WhiteFideId "45147833"]
[BlackFideId "45136432"]
[EventDate "2020.05.16"]

1. e4 e5 2. Nf3 Nf6 3. Nxe5 d6 4. Nf3 Nxe4 5. Bc4 Nc6 6. O-O Bg4 7. Re1 f5 8. d3
Bxf3 9. Qxf3 d5 10. Bb3 Nd4 11. Qf4 Nxb3 12. axb3 Bc5 13. dxe4 dxe4 14. Qxf5 Qh4
15. Rxe4+ Be7 16. Rxh4 Bxh4 17. Qh5+ g6 18. Qxh4 Rd8 19. Nc3 Kf7 20. Qc4+ Kg7
21. Qxc7+ Kf6 22. Be3 Rhe8 23. Qf4+ Kg7 24. Bd4+ Kg8 25. Qf6 Rd7 26. h3 a6 27.
Qh8+ Kf7 28. Qxh7+ Ke6 29. Qxg6+ Ke7 30. Re1+ Kd8 31. Qxe8+ Kc7 1-0

[Event "ch-FRA Blitz Online Qual"]
[Site "Europe-Chess INT"]
[Date "2020.05.16"]
[Round "11"]
[White "Le Neindre, Yael"]
[Black "Baudouin, Moise"]
[Result "1-0"]
[WhiteElo "1258"]
[BlackElo "1135"]
[WhiteFideId "551064260"]
[BlackFideId "45116369"]
[EventDate "2020.05.16"]

1. d4 e6 2. c4 d5 3. Nc3 Nf6 4. Nf3 Bb4 5. Bg5 b6 6. e3 Bb7 7. Bd3 Nbd7 8. O-O
O-O 9. a3 Be7 10. cxd5 Nxd5 11. e4 Nxc3 12. Bxe7 Nxd1 13. Bxd8 Raxd8 14. Raxd1
c5 15. Bb5 cxd4 16. Rxd4 Nc5 17. Rxd8 Rxd8 18. e5 a6 19. Be2 Nd7 20. Re1 Bxf3
21. Bxf3 Nc5 22. b4 Na4 23. Rc1 h6 24. h3 Nb2 25. Be4 Rd4 26. Rc8+ 1-0

[Event "ch-FRA Blitz Online Qual"]
[Site "Europe-Chess INT"]
[Date "2020.05.16"]
[Round "11"]
[White "Duranton, Paul"]
[Black "Molines, Martin"]
[Result "1/2-1/2"]
[WhiteElo "1203"]
[BlackElo "1033"]
[WhiteFideId "551013169"]
[BlackFideId "45191298"]
[EventDate "2020.05.16"]

1. d4 d5 2. e3 Nc6 3. f4 Bf5 4. Bd3 Qd7 5. Nf3 Nf6 6. O-O Bg4 7. Qe1 Bxf3 8.
Rxf3 e6 9. Nd2 Bb4 10. c3 Bd6 11. Rh3 O-O-O 12. a4 Kb8 13. b4 Ng4 14. Rxh7 Rxh7
15. Bxh7 Rh8 16. Qg3 Rxh7 17. Qxg4 Rh6 18. Qxg7 Rg6 19. Qh8+ Qd8 20. Qxd8+ Nxd8
21. b5 Rh6 22. a5 c6 23. bxc6 Nxc6 24. a6 bxa6 25. Rxa6 Kb7 26. Ra2 f6 27. Ba3
Bxa3 28. Rxa3 e5 29. fxe5 fxe5 30. Rb3+ Ka8 31. dxe5 Nxe5 32. e4 Ng4 33. exd5
Rxh2 34. d6 Rh7 35. c4 Nf6 36. c5 Nd5 37. c6 Nb6 38. d7 Nxd7 39. cxd7 Rxd7 40.
Nc4 Rc7 41. Ra3 Rxc4 42. Rg3 Rc1+ 43. Kh2 Rc4 44. Rb3 a5 45. Ra3 a4 46. Kh3 Ka7
47. g4 Kb6 48. g5 Kb5 49. Rg3 Kb4 50. g6 Rc7 51. g7 Rxg7 52. Rxg7 a3 53. Rg4+
Kb3 54. Rg3+ Ka4 55. Rg4+ Kb3 56. Rg3+ Ka4 57. Rg1 a2 58. Ra1 Kb3 59. Rg1 Kb2
60. Rg2+ Kb1 61. Rg1+ Kb2 62. Rg2+ Kb1 63. Rg1+ Kb2 1/2-1/2

[Event "ch-FRA Blitz Online Qual"]
[Site "Europe-Chess INT"]
[Date "2020.05.16"]
[Round "11"]
[White "Courcelle, Victor"]
[Black "De Nave, Julien"]
[Result "0-1"]
[WhiteElo "1314"]
[BlackElo "1177"]
[WhiteFideId "45177392"]
[BlackFideId "45188360"]
[EventDate "2020.05.16"]

1. c4 Nf6 2. Nc3 g6 3. Nf3 Bg7 4. e3 d5 5. cxd5 Nxd5 6. d4 Nxc3 7. bxc3 c5 8.
Be2 Nc6 9. O-O cxd4 10. cxd4 e6 11. Bb5 O-O 12. Ba3 Re8 13. Rc1 Bd7 14. Re1 Ne7
15. Bxd7 Qxd7 16. Qc2 Rac8 17. Qb3 Nc6 18. Rc2 Na5 19. Qb2 Nc4 20. Qc1 Nxa3 21.
Rxc8 Rxc8 22. Qxa3 a6 23. Rc1 Bf8 24. Rxc8 Qxc8 25. Qd3 b5 26. Nd2 Bb4 27. Nb3
Qc7 28. h3 Qc6 29. Kf1 a5 30. g3 Qh1+ 31. Ke2 Qxh3 32. Qxb5 Qh1 33. Nxa5 Qe1+
34. Kf3 Bxa5 35. Qb8+ Kg7 36. Qe5+ f6 37. Qc7+ Bxc7 38. e4 Qd1+ 39. Ke3 f5 40.
exf5 gxf5 41. f4 Bb6 42. Kf2 Bxd4+ 0-1

[Event "ch-FRA Blitz Online Qual"]
[Site "Europe-Chess INT"]
[Date "2020.05.16"]
[Round "11"]
[White "Cherfils, Richard"]
[Black "Briguet, Remi"]
[Result "1-0"]
[WhiteElo "1356"]
[BlackElo "1160"]
[WhiteFideId "36072362"]
[BlackFideId "551081210"]
[EventDate "2020.05.16"]

1. e4 d5 2. exd5 Nf6 3. d4 Nxd5 4. Nf3 e6 5. Bc4 Nc6 6. c3 Bd6 7. O-O O-O 8. Bg5
f6 9. Bh4 Qe8 10. Re1 Qh5 11. Nbd2 e5 12. Bxd5+ Rf7 13. Bxf7+ Kxf7 14. dxe5 Bxe5
15. Ne4 Qg6 16. Bg3 Bxg3 17. Nxg3 Bf5 18. Nxf5 Qxf5 19. Qe2 Ne5 20. Nxe5+ fxe5
21. Qxe5 Qc2 22. Qe7+ Kg6 23. Qxc7 Rf8 24. Qd6+ Kh5 25. Re5+ Kg4 26. Qxf8 Qxb2
27. Qf5+ Kh4 28. Qh3# 1-0

[Event "ch-FRA Blitz Online Qual"]
[Site "Europe-Chess INT"]
[Date "2020.05.16"]
[Round "12"]
[White "Bellahcene, Bilel"]
[Black "Firouzja, Alireza"]
[Result "0-1"]
[WhiteTitle "GM"]
[BlackTitle "GM"]
[WhiteElo "2501"]
[BlackElo "2728"]
[WhiteFideId "696358"]
[BlackFideId "12573981"]
[EventDate "2020.05.16"]

1. e4 c5 2. Nf3 d6 3. d4 cxd4 4. Nxd4 Nf6 5. Nc3 a6 6. h3 e6 7. g4 Nfd7 8. g5 b5
9. a3 Bb7 10. h4 Nb6 11. h5 N8d7 12. Qf3 Ne5 13. Qg3 Rc8 14. f4 Ned7 15. Bg2 Na4
16. Nxa4 bxa4 17. g6 hxg6 18. hxg6 Rxh1+ 19. Bxh1 e5 20. gxf7+ Kxf7 21. fxe5
dxe5 22. Nf3 Rxc2 23. Bd2 Qb6 24. Rd1 Nf6 25. Nxe5+ Kg8 26. Ng6 Bxe4 27. Nxf8
Bxh1 28. Ng6 Qe6+ 29. Ne5 Ne4 30. Qf4 g5 31. Qh2 Bf3 32. Nxf3 Nxd2+ 0-1

[Event "ch-FRA Blitz Online Qual"]
[Site "Europe-Chess INT"]
[Date "2020.05.16"]
[Round "12"]
[White "Jobava, Baadur"]
[Black "Terrieux, Kevin"]
[Result "1-0"]
[WhiteTitle "GM"]
[BlackTitle "IM"]
[WhiteElo "2603"]
[BlackElo "2448"]
[WhiteFideId "13601520"]
[BlackFideId "622591"]
[EventDate "2020.05.16"]

1. d4 d5 2. c4 dxc4 3. e4 e5 4. d5 Nf6 5. Nc3 b5 6. Nxb5 Nxe4 7. Bxc4 Bc5 8. d6
Bxf2+ 9. Kf1 Bb6 10. Qf3 Qf6 11. dxc7 Nc6 12. Bd5 Ba6 13. a4 Qxf3+ 14. Nxf3 Kd7
15. Bxe4 Bxc7 16. Be3 Bxb5+ 17. axb5 1-0